Estudio estadístico comparativo de los métodos para determinar contenido de asfalto y granulometría en mezclas asfálticas
Na minha lista:
| Autor principal: | |
|---|---|
| Formato: | Livro |
| Publicado em: |
San José, C.R.
2003
|
| Assuntos: | |
| Tags: |
Adicionar Tag
Sem tags, seja o primeiro a adicionar uma tag!
|
MARC
| LEADER | 00000nam a2200000Ia 4500 | ||
|---|---|---|---|
| 003 | 009167 | ||
| 005 | 20221231144147.0 | ||
| 008 | 140114s2003 cr a m 000 ||s d | ||
| 040 | |c cru CEDI | ||
| 090 | |a TFG 4708 | ||
| 100 | |a Salazar Blanco, Mauricio |9 6983 | ||
| 245 | |a Estudio estadístico comparativo de los métodos para determinar contenido de asfalto y granulometría en mezclas asfálticas | ||
| 260 | |c 2003 |a San José, C.R. | ||
| 300 | |a vii, 95, [65] hojas : ilustraciones | ||
| 500 | |a Proyecto de graduación (licenciatura en ingeniería civil)-- Universidad de Costa Rica. Facultad de Ingeniería. Escuela de Ingeniería Civil | ||
| 650 | |x PAVIMENTOS DE ASFALTO |x AGREGADOS (MATERIALES DE CONSTRUCCION) |x MEZCLAS DE EMULSION ASFALTICA |x METODOLOGIA |x PRUEBAS |9 6984 | ||
| 942 | |c TFG | ||
| 999 | |c 17773 |d 17773 | ||
